000 01228nam a2200337 a 4500
001 000113632
003 CHAP
005 20220329144405.0
008 170831s2017 mx sm |||||||spa d
010 _a110093
011 _a111065
040 _cCHAP
090 _aTesis
100 1 _aLópez Erubiel, Bernabé
_9133098
245 1 0 _aSistema de corte de mazorcas con control automático de posición aplicando visión artificial
_h[En línea]
_cpor Bernabé López Erubiel.
260 _aChapingo, Méx. :
_bEl autor,
_c2017.
500 _aPara ver el contenido del material haga clic en la liga
502 _aTesis (M. en Ingenieria) -- UACH. Departamento de Ingeniería Mecánica Agrícola
502 _aUACH. Departamento de Irrigación
590 _aE5765TAJ
_b05
_c20170831
_lUCH01
_h0840
590 _aE5765TAJ
_b05
_c20170831
_lUCH01
_h0841
650 1 4 _aMaíz
_xCosecha.
_9133100
650 1 4 _aMaíz
_xDeshojadoras.
_9133099
650 1 4 _aMaíz
_xImplementos y maquinaria.
_970978
650 1 4 _aMaquinaria agrícola
_xDiseño.
_971168
650 1 4 _aVisión computarizada.
_9119988
856 _aFinding aid
_uhttp://10.13.5.2/tesis/sist113632.pdf
_zTeclea aquí
901 _aBK
942 _cTESIS
942 _n0
999 _c110093
_d110093